| 000 | 00421nam a2200193Ia 4500 | ||
|---|---|---|---|
| 003 | 0100 | ||
| 008 | 130307s9999 xx 000 0 und d | ||
| 040 | _cARRUPELIB | ||
| 050 | _aPQ2631.R63S9 | ||
| 100 | _aProust, Marcel | ||
| 245 | _aSwann's way | ||
| 260 | _aNew York | ||
| 260 | _bModern Library | ||
| 260 | _c1928 | ||
| 300 | _a611p. | ||
| 300 | _b19cm | ||
| 700 | _aMoncrieff, C.K. Scott (tr.) | ||
| 942 | 0 | 0 | _01 |
| 999 |
_c87563 _d87563 |
||